Kitabistan's 20th century practical dictionary; (English into English & Urdu) for learners of the English language through the medium of Urdu. (Record no. 61168)
[ view plain ]
| 000 -LEADER | |
|---|---|
| fixed length control field | 00842nam a22002057a 4500 |
| 003 - CONTROL NUMBER IDENTIFIER | |
| control field | NUST-PNEC |
| 005 - DATE AND TIME OF LATEST TRANSACTION | |
| control field | 20170116180716.0 |
| 008 - FIXED-LENGTH DATA ELEMENTS--GENERAL INFORMATION | |
| fixed length control field | 141020b xxu||||| |||| 00| 0 eng d |
| 022 ## - INTERNATIONAL STANDARD SERIAL NUMBER | |
| International Standard Serial Number | B0010VUBLG |
| 040 ## - CATALOGING SOURCE | |
| Transcribing agency | PNEC |
| 082 ## - DEWEY DECIMAL CLASSIFICATION NUMBER | |
| Classification number | 423 QUR |
| 100 ## - MAIN ENTRY--PERSONAL NAME | |
| 9 (RLIN) | 704 |
| Personal name | Qureshi, Bashir A. |
| 245 ## - TITLE STATEMENT | |
| Title | Kitabistan's 20th century practical dictionary; (English into English & Urdu) for learners of the English language through the medium of Urdu. |
| Statement of responsibility, etc. | Bashir A. Qureshi |
| 250 ## - EDITION STATEMENT | |
| Edition statement | Revised ed. |
| 260 ## - PUBLICATION, DISTRIBUTION, ETC. | |
| Place of publication, distribution, etc. | Lahore, |
| Name of publisher, distributor, etc. | Kitabistan Pub. Co. |
| Date of publication, distribution, etc. | 1971 |
| 300 ## - PHYSICAL DESCRIPTION | |
| Extent | viii, 792 pages |
| Other physical details | illustrations; |
| Dimensions | 25 cm |
| 500 ## - GENERAL NOTE | |
| General note | http://www.amazon.com/Kitabistans-Practical-Dictionary-Learners-Language/dp/B0010VUBLG/ref=sr_1_2?s=books&ie=UTF8&qid=1413791682&sr=1-2&keywords=kITABISTAN%27S+20TH+CENTURY+PRACTICAL+DICTIONARY |
| 650 ## - SUBJECT ADDED ENTRY--TOPICAL TERM | |
| General subdivision | General |
| 942 ## - ADDED ENTRY ELEMENTS (KOHA) | |
| Source of classification or shelving scheme | |
| Koha item type | Book |
| Withdrawn status | Lost status | Source of classification or shelving scheme | Damaged status | Not for loan | Permanent Location | Current Location | Shelving location | Date acquired | Source of acquisition | Cost, normal purchase price | Total Checkouts | Full call number | Barcode | Date last seen | Cost, replacement price | Price effective from | Koha item type |
|---|---|---|---|---|---|---|---|---|---|---|---|---|---|---|---|---|---|
| Pakistan Navy Engineering College (PNEC) | Pakistan Navy Engineering College (PNEC) | Reference | 02/04/1992 | Progressive International Agency | 216.00 | 423 QUR | PNECLIB-015987 | 10/20/2014 | 216.00 | 02/04/1992 | Book |
